Quy hoạch toán học

שמור ב:
מידע ביבליוגרפי
מחבר ראשי: Bùi Minh Trí
פורמט: ספר
יצא לאור: Khoa học và kỹ thuật 1999
תגים: הוספת תג
אין תגיות, היה/י הראשונ/ה לתייג את הרשומה!
Thư viện lưu trữ: Mạng thư viện Đại học Đà Nẵng
LEADER 00549nam a2200229 a 4500
001 000029968
003 11934
005 20171030145630.0
008 171030s1999
020 |c 58000 
040 |a LTT 
082 0 |a 519.5  |b BU-T 
100 1 |a Bùi Minh Trí 
245 0 0 |a Quy hoạch toán học  |c Bùi Minh Trí. 
260 |b Khoa học và kỹ thuật  |c 1999 
OWN |a LTT 
999 |a From the UDN01 
TYP |a Monograph 
TYP |a Printed language 
980 |a Mạng thư viện Đại học Đà Nẵng